000 00850nam a2200241Ia 4500
001 10528
003 GE_BSU
008 181216s||||||||xx |||||||||||||| ||und||
020 _a9994057243
040 _cGE_BSU
080 _a698(02)(075.8)
100 _aბაქანიძე,შ.
245 _aსაბათქაშე სამუშაოთა წარმოების ტექნოლოგია
245 _bსახ–ლო
245 _cრედ.თამაზ ჟორდანია
260 _aთბილისი
260 _bტექნიკური უნ–ტი
260 _c2006
300 _a138გვ.ნახ.ილ.28სმ.
541 _h15ლ.
653 _aსაბათქაშე სამუშაოთა წარმოების ტექნოლოგია
942 _cBK
999 _c43783
_d43783